| 000 | 00820nam a2200241 a 4500 | ||
|---|---|---|---|
| 005 | 20241012063920.0 | ||
| 008 | 030226s2002 mx r 000 0 spa d | ||
| 020 | _a8483164922 | ||
| 035 | _aUPN01000122200 | ||
| 049 | _aCG | ||
| 050 | 4 |
_aGV1204.61 _bJ8.4 |
|
| 100 | 1 | _aJurado Soto, Juan José | |
| 245 | 1 | 0 |
_aJuegos como recurso didáctico/1 : _bjuegos populares y tradicionales de Madrid / _cJuan José Jurado Soto, Manuel López de la Nieta Moreno, Victoriano Yagüe Sanz. |
| 260 |
_aMadrid : _bCCS, _c2002. |
||
| 300 |
_a148 p. : _bil. |
||
| 440 | 0 |
_aMateriales para educadores ; _v56 |
|
| 650 | 4 |
_aJUEGOS - _zESPAÑA _920845 |
|
| 650 | 4 |
_aJuegos educativos _93952 |
|
| 700 | 1 |
_aLópez de la Nieta Moreno, Manuel, _ecoaut. |
|
| 700 | 1 |
_aYagüe Sanz, Victoriano, _ecoaut. |
|
| 905 | _aLibro | ||
| 999 |
_c94397 _d94397 |
||